A Textbook of Higher Secondary Biology Second Paper : (Record no. 7406)
[ view plain ]
| 000 -LEADER | |
|---|---|
| fixed length control field | 00661nam a2200241 a 4500 |
| 001 - CONTROL NUMBER | |
| JCCL Control Number | 7406 |
| 003 - CONTROL NUMBER IDENTIFIER | |
| JCCL marc code | BD-JhCC |
| 005 - DATE AND TIME OF LATEST TRANSACTION | |
| control field | 20180208183553.0 |
| 008 - FIXED-LENGTH DATA ELEMENTS--GENERAL INFORMATION | |
| fixed length control field | 171230b2008 bg a|||| ||a| 000 0 eng d |
| 020 ## - INTERNATIONAL STANDARD BOOK NUMBER | |
| International Standard Book Number | 9848272321 |
| 035 ## - SYSTEM CONTROL NUMBER | |
| system control number | (BD-JhCC)7406 |
| 040 ## - CATALOGING SOURCE | |
| Original cataloging agency | BD-JhCC |
| Modifying agency | BD-JhCC |
| 041 ## - LANGUAGE CODE | |
| Language code of Book | eng |
| 082 ## - DEWEY DECIMAL CLASSIFICATION NUMBER | |
| Classification number | 570 |
| Author mark and Year | BIS 2009 |
| 100 ## - MAIN ENTRY--PERSONAL NAME | |
| Personal name | Biswas, Pran Bandhu |
| 245 ## - TITLE STATEMENT | |
| Title | A Textbook of Higher Secondary Biology Second Paper : |
| Remainder of title | Zoology theoretical and practical / |
| Statement of responsibility, etc | Pran Bandhu Biswas |
| 260 ## - PUBLICATION, DISTRIBUTION, ETC. (IMPRINT) | |
| Place of publication, distribution, etc | Dhaka : |
| Name of publisher, distributor, etc | Mullick Brothers, |
| Date of publication, distribution, etc | 2009. |
| 300 ## - PHYSICAL DESCRIPTION | |
| Pagination | 328 p. : |
| Other physical details | illus, |
| Dimensions | 27 cm. |
| 650 ## - SUBJECT ADDED ENTRY--TOPICAL TERM | |
| Topical term or geographic name as entry element | Zoology |
| 650 ## - SUBJECT ADDED ENTRY--TOPICAL TERM | |
| Topical term or geographic name as entry element | Biology |
| 942 ## - ADDED ENTRY ELEMENTS (KOHA) | |
| Source of classification or shelving scheme | Dewey Decimal Classification |
| Koha item type | Books |
| Source of classification or shelving scheme | Damaged status | Not for loan | Home library | Current library | Shelving location | Date of accession | Cost, normal purchase price | Total Checkouts | Full call number | Barcode | Date last seen | Copy number | Koha item type |
|---|---|---|---|---|---|---|---|---|---|---|---|---|---|
| Dewey Decimal Classification | JCC Rouf Library | JCC Rouf Library | General Stacks | 02/08/2018 | 300.00 | 570 BIS 2009 | 8655 | 02/08/2018 | C-1 | Books |